Equalizing educational opportunity in Ohio; (Record no. 21373)

MARC details
000 -LEADER
fixed length control field 00824cam a22002411 4500
001 - CONTROL NUMBER
control field e 33001449
003 - CONTROL NUMBER IDENTIFIER
control field DLC
005 - DATE AND TIME OF LATEST TRANSACTION
control field 20260227111224.0
008 - FIXED-LENGTH DATA ELEMENTS--GENERAL INFORMATION
fixed length control field 780309s1932 ohua 000 0 eng c
010 ## - LIBRARY OF CONGRESS CONTROL NUMBER
LC control number e 33001449
035 ## - SYSTEM CONTROL NUMBER
System control number (OCoLC)3699264
040 ## - CATALOGING SOURCE
Original cataloging agency Library, U.S. Office of
Transcribing agency OOxM
Modifying agency OOxM
-- DLC
042 ## - AUTHENTICATION CODE
Authentication code premarc
050 00 - LIBRARY OF CONGRESS CALL NUMBER
Classification number L188
Item number .H55 1932
110 1# - MAIN ENTRY--CORPORATE NAME
Corporate name or jurisdiction name as entry element Ohio.
Subordinate unit School survey commission.
245 10 - TITLE STATEMENT
Title Equalizing educational opportunity in Ohio;
Remainder of title report of a survey of state and local support of public schools.
Statement of responsibility, etc. The Ohio school survey commission. December 27, 1932.
260 ## - PUBLICATION, DISTRIBUTION, ETC.
Place of publication, distribution, etc. [Columbus, O.,
Date of publication, distribution, etc. 1932]
300 ## - PHYSICAL DESCRIPTION
Extent 149 p. incl. tables, diagrs.
Dimensions 24 cm.
500 ## - GENERAL NOTE
General note Paul R. Mort, director.
650 #0 - SUBJECT ADDED ENTRY--TOPICAL TERM
Topical term or geographic name entry element Taxation
Geographic subdivision Ohio.
650 #0 - SUBJECT ADDED ENTRY--TOPICAL TERM
Topical term or geographic name entry element Education
Geographic subdivision Ohio
General subdivision Finance.
700 1# - ADDED ENTRY--PERSONAL NAME
Personal name Mort, Paul R.,
Dates associated with a name 1894-

No items available.

Powered by Koha